[Event "Koszalin op"]
[Site "Koszalin"]
[Date "2008.06.13"]
[Round "7"]
[White "Tofil, Borys"]
[Black "Bitman, Marek"]
[Result "1-0"]
[WhiteElo "2171"]
[BlackElo "2051"]
[PlyCount "116"]
[EventDate "2008.06.07"]
[EventType "swiss"]
[EventRounds "9"]
[EventCountry "POL"]
[SourceTitle "EXT 2009"]
[Source "ChessBase"]
[SourceDate "2008.11.26"]
[SourceVersion "1"]
[SourceVersionDate "2008.11.26"]
[SourceQuality "1"]

1. e4 e5 2. Nf3 Nc6 3. Bb5 a6 4. Ba4 Nf6 5. 0-0 Be7 6. Re1 b5 7. Bb3 d6 8. c3 0-0 9. d4 Bg4 10. Be3 Na5 11. dxe5 Bxf3 12. Qxf3 dxe5 13. Qf5 Re8 14. Nd2 g6 15. Qf3 c5 16. Rad1 Qc7 17. Bg5 Kg7 18. Bxf6+ Bxf6 19. Bd5 Rad8 20. Nf1 c4 21. g3 Nb7 22. Bxb7 Qxb7 23. Ne3 Qc6 24. Nd5 Rd6 25. h4 h5 26. Rd2 Rde6 27. Red1 Kg8 28. Qe3 Be7 29. Nxe7+ R8xe7 30. Rd5 Kg7 31. Kg2 Qc7 32. a3 Qc6 33. R1d2 Qc7 34. f3 Qc6 35. Kf2 Qc7 36. Ke2 Qc6 37. Qc5 Qxc5 38. Rxc5 f5 39. a4 fxe4 40. fxe4 bxa4 41. Rxc4 a3 42. bxa3 Rf7 43. Rc5 Kf6 44. Rd3 Rb7 45. a4 Rb2+ 46. Rd2 Rb1 47. a5 Rg1 48. Kf2 Rb1 49. Rd7 g5 50. Rcc7 g4 51. Rf7+ Kg6 52. Rg7+ Kh6 53. Rh7+ Kg6 54. Rcg7+ Kf6 55. Rg5 Rb2+ 56. Ke3 Rg2 57. Rhxh5 Rxg3+ 58. Kf2 Rf3+ 1-0

[Event "Koszalin op"]
[Site "Koszalin"]
[Date "2008.06.11"]
[Round "5"]
[White "Zakoscielna, Kinga"]
[Black "Bitman, Marek"]
[Result "0-1"]
[WhiteElo "2069"]
[BlackElo "2051"]
[PlyCount "71"]
[EventDate "2008.06.07"]
[EventType "swiss"]
[EventRounds "9"]
[EventCountry "POL"]
[SourceTitle "EXT 2009"]
[Source "ChessBase"]
[SourceDate "2008.11.26"]
[SourceVersion "1"]
[SourceVersionDate "2008.11.26"]
[SourceQuality "1"]

1. e4 d6 2. Nf3 e5 3. d4 Nd7 4. Nc3 Ngf6 5. Be3 Be7 6. h3 0-0 7. Qd2 c6 8. 0-0-0 a6 9. g4 b5 10. dxe5 dxe5 11. g5 Nh5 12. Nh4 g6 13. Rg1 Qc7 14. Be2 Nf4 15. Bxf4 exf4 16. Nf3 Nc5 17. a3 a5 18. h4 Rd8 19. Qe1 b4 20. Rxd8+ Qxd8 21. Nb1 Nxe4 22. Bd3 Nc5 23. Bc4 Be6 24. Bxe6 Nxe6 25. a4 Qd5 26. Ne5 Bc5 27. Ng4 Bd4 28. c3 bxc3 29. Nxc3 Qb3 30. Nf6+ Kg7 31. Nfe4 Rd8 32. h5 Qc4 33. hxg6 fxg6 34. Rh1 Nc5 35. Nxc5 Qxc5 36. Qd2 0-1

[Event "Koszalin op"]
[Site "Koszalin"]
[Date "2008.06.10"]
[Round "4"]
[White "Tokarski, Bartosz"]
[Black "Bitman, Marek"]
[Result "1-0"]
[WhiteElo "2159"]
[BlackElo "2051"]
[PlyCount "49"]
[EventDate "2008.06.07"]
[EventType "swiss"]
[EventRounds "9"]
[EventCountry "POL"]
[SourceTitle "EXT 2009"]
[Source "ChessBase"]
[SourceDate "2008.11.26"]
[SourceVersion "1"]
[SourceVersionDate "2008.11.26"]
[SourceQuality "1"]

1. e4 e5 2. Nf3 Nc6 3. Bb5 a6 4. Ba4 Nf6 5. 0-0 Nxe4 6. d4 b5 7. Bb3 d5 8. dxe5 Be6 9. Be3 Na5 10. Nd4 c5 11. Nxe6 fxe6 12. c3 Nxb3 13. axb3 Be7 14. Qg4 Kf7 15. f3 Ng5 16. h4 h5 17. Qf4+ Kg6 18. hxg5 h4 19. Qg4 Qg8 20. Nd2 Qf7 21. f4 Qf5 22. Qxf5+ Kxf5 23. Nf3 h3 24. g3 Kg4 25. Nh2+ 1-0

[Event "Koszalin op"]
[Site "Koszalin"]
[Date "2008.06.07"]
[Round "1"]
[White "Kot, Jerzy"]
[Black "Bitman, Marek"]
[Result "1/2-1/2"]
[WhiteElo "2293"]
[BlackElo "2051"]
[PlyCount "94"]
[EventDate "2008.06.07"]
[EventType "swiss"]
[EventRounds "9"]
[EventCountry "POL"]
[SourceTitle "EXT 2009"]
[Source "ChessBase"]
[SourceDate "2008.11.26"]
[SourceVersion "1"]
[SourceVersionDate "2008.11.26"]
[SourceQuality "1"]

1. e4 e5 2. d4 exd4 3. Nf3 d5 4. Qxd4 dxe4 5. Qxd8+ Kxd8 6. Ng5 Ke8 7. Bc4 Nh6 8. Nxe4 Nf5 9. Bf4 Nd4 10. Bd3 Ne6 11. Be3 Nc6 12. a3 Be7 13. Nbc3 f5 14. Ng3 f4 15. Bd2 fxg3 16. hxg3 Ne5 17. Be4 Nc5 18. Rxh7 Rxh7 19. Bxh7 Bd7 20. Nd5 Bd6 21. f4 Ng4 22. 0-0-0 Kf7 23. b4 Ne6 24. c4 Nf6 25. Nxf6 gxf6 26. c5 Be7 27. Be4 Bc6 28. Bxc6 bxc6 29. f5 Nd4 30. Kb2 Nxf5 31. Bf4 Rd8 32. Rh1 Rd7 33. Rh8 Bf8 34. g4 Nd4 35. g3 Ne6 36. Kb3 Nxf4 37. gxf4 Rd3+ 38. Ka4 Rf3 39. g5 Rxf4 40. gxf6 Bxc5 41. Rh7+ Kxf6 42. Rxc7 Bb6 43. Rxc6+ Ke7 44. Kb5 Bf2 45. Rc3 Rf6 46. Rd3 Rd6 47. Rf3 Bd4 1/2-1/2

[Event "POL-chT3 Liga Slaska"]
[Site "Poland"]
[Date "2007.03.18"]
[Round "5"]
[White "Wojciechowski, Adam"]
[Black "Bitman, Marek"]
[Result "1-0"]
[WhiteElo "2199"]
[BlackElo "2057"]
[PlyCount "81"]
[EventDate "2007.01.28"]
[EventType "team-swiss"]
[EventRounds "9"]
[EventCountry "POL"]
[SourceTitle "EXT 2011"]
[Source "ChessBase"]
[SourceDate "2010.11.26"]
[SourceVersion "1"]
[SourceVersionDate "2010.11.26"]
[SourceQuality "1"]
[WhiteTeam "Gliwice Politechnika Slaska II"]
[BlackTeam "Rybnik MKSz II"]
[WhiteTeamCountry "POL"]
[BlackTeamCountry "POL"]

1. e4 c5 2. Nc3 d6 3. Nge2 Nf6 4. d4 cxd4 5. Nxd4 a6 6. Bg5 e6 7. Qd2 h6 8. Bxf6 gxf6 9. g3 Qc7 10. f4 Nc6 11. f5 Bd7 12. Bh3 Nxd4 13. Qxd4 Be7 14. 0-0-0 0-0-0 15. Rd3 Kb8 16. fxe6 fxe6 17. Qb4 Rc8 18. Qb3 Qc4 19. Re1 Qxb3 20. axb3 Rcd8 21. Ne2 f5 22. exf5 exf5 23. Nf4 Rde8 24. Rde3 Bg5 25. Rxe8+ Rxe8 26. Rxe8+ Bxe8 27. Bxf5 Kc7 28. h4 Bxf4+ 29. gxf4 Kd8 30. Kd2 Ke7 31. Ke3 Kf6 32. Be4 b6 33. b4 Bd7 34. Kd4 Be6 35. c4 Ke7 36. c5 bxc5+ 37. bxc5 Kd7 38. b4 Kc7 39. f5 Bf7 40. Bd5 dxc5+ 41. Kxc5 1-0

[Event "POL-chT3"]
[Site "Poland"]
[Date "2002.??.??"]
[Round "?"]
[White "Szopa, Andrzej"]
[Black "Bitman, Marek"]
[Result "1/2-1/2"]
[WhiteElo "2064"]
[BlackElo "2094"]
[PlyCount "59"]
[EventDate "2002.??.??"]
[EventType "team-tourn"]
[EventRounds "9"]
[EventCountry "POL"]
[SourceTitle "EXT 2006"]
[Source "ChessBase"]
[SourceDate "2005.11.24"]
[SourceVersion "1"]
[SourceVersionDate "2005.11.24"]
[SourceQuality "1"]

1. d4 Nf6 2. c4 g6 3. Nf3 d6 4. Nc3 Bg7 5. e3 0-0 6. Be2 c6 7. b3 Qc7 8. Bb2 e5 9. Qc2 Re8 10. 0-0-0 a6 11. h3 b5 12. g4 b4 13. Na4 exd4 14. exd4 Nbd7 15. Bd3 Nb6 16. Nxb6 Qxb6 17. Rde1 Bd7 18. Kb1 a5 19. Rxe8+ Rxe8 20. Re1 Ra8 21. Ng5 Qd8 22. f4 a4 23. Qe2 axb3 24. axb3 h6 25. Nf3 Qa5 26. Kc2 Re8 27. Qf2 Qd8 28. Rxe8+ Qxe8 29. Qe1 Qxe1 30. Nxe1 1/2-1/2

[Event "POL-chT Region"]
[Site "Poland"]
[Date "1999.??.??"]
[Round "?"]
[White "Bitman, Marek"]
[Black "Szopa, Andrzej"]
[Result "0-1"]
[WhiteElo "2100"]
[BlackElo "2056"]
[PlyCount "44"]
[EventDate "1999.??.??"]
[EventType "team"]
[EventRounds "13"]
[EventCountry "POL"]
[SourceTitle "EXT 2002"]
[Source "ChessBase"]
[SourceDate "2001.11.25"]
[SourceVersion "1"]
[SourceVersionDate "2001.11.25"]
[SourceQuality "1"]

1. Nf3 Nf6 2. g3 b6 3. Bg2 Bb7 4. d3 d5 5. 0-0 e6 6. Nbd2 c5 7. Re1 Nc6 8. e4 Be7 9. c3 Qc7 10. e5 Nd7 11. Qe2 0-0-0 12. Nf1 h6 13. h4 Rdg8 14. N1h2 g5 15. hxg5 hxg5 16. Ng4 Rh5 17. a3 Rgh8 18. b4 d4 19. cxd4 Nxd4 20. Qd1 Nxf3+ 21. Bxf3 Nxe5 22. Rxe5 Rh1+ 0-1